| 000 | 00964pam a2200289 a 4500 | ||
|---|---|---|---|
| 001 | 4835531 | ||
| 005 | 20140304120527.0 | ||
| 008 | 900612t1991 xxuadk frb 001 0 eng d | ||
| 010 | _a90040822 | ||
| 020 | _a0135399254 | ||
| 020 | _a9780135399255 | ||
| 040 |
_aDLC _cDLC _dDLC |
||
| 082 | 0 | 4 |
_a004.62 _222 _bHOL |
| 100 | 1 |
_aHolzmann, Gerard J. _935373 |
|
| 245 | 1 | 0 |
_aDesign and validation of computer protocols / _cGerard J. Holzmann. |
| 260 |
_aUpper Saddle River, United States : _bPrentice Hall, _cc.1991. |
||
| 300 |
_axii, 500 p. : _bchart, forms, tables ; _c25 cm. |
||
| 490 | 0 | _aPrentice Hall software series | |
| 500 | _aAt head of title : AT & T. | ||
| 500 | _aIncludes indexes. | ||
| 504 | _aIncludes bibliographical references. | ||
| 650 | 0 |
_aComputer network protocols _xDesign _935374 |
|
| 653 |
_bCOMSCI _cMarch2014 |
||
| 655 |
_vtext book _933728 |
||
| 710 | 2 |
_aAmerican Telephone and Telegraph Company _935371 |
|
| 942 |
_2ddc _k004.62 HOL |
||
| 999 |
_c18088 _d18060 |
||